Normal view
MARC view
- Ammara Muneer
Entry Personal Name
001 - CONTROL NUMBER
- control field: 51258
003 - CONTROL NUMBER IDENTIFIER
- control field: NUST
005 - DATE AND TIME OF LATEST TRANSACTION
- control field: 20210314134935.0
008 - FIXED-LENGTH DATA ELEMENTS
- fixed length control field: 210314|| aca||aabn | a|a d
040 ## - CATALOGING SOURCE
- Original cataloging agency: NUST
- Transcribing agency: NUST
100 ## - HEADING--PERSONAL NAME
- Personal name: Ammara Muneer
670 ## - SOURCE DATA FOUND
- Source citation: Work cat.: (NUST): Ammara Muneer, The impact of protracted afghan refugees on socio economic conditions of peshawar and its remedial measures , 2017.
